Acts of disclosure : the coming pout process of contemporary gay men /

Guardat en:
Dades bibliogràfiques
Autor principal: Vargo, Marc E. (Autor)
Format: Llibre
Idioma:anglès
Publicat: New York ; London : The Harrington park, c1998
Col·lecció:Haworth gay & lesbian studies
Etiquetes: Afegir etiqueta
Sense etiquetes, Sigues el primer a etiquetar aquest registre!

MARC

LEADER 00000nam a22000007i 4500
001 IT\ICCU\UBO\0348486
003 ItRI
005 20260115231821.0
008 990924s1998 xxu|||||| ||||| |||||c
020 |a 0789002361 
040 |b ita  |c importazione bologna sebina 
041 7 |a eng  |2 ISO-639-2 
100 1 |a Vargo, Marc E.  |0 IT\ICCU\UBOV\134061  |4 aut 
245 1 0 |a Acts of disclosure :  |b the coming pout process of contemporary gay men /  |c Marc E. Vargo. 
260 |a New York ;  |a London :  |b The Harrington park,  |c c1998 
300 |a xviii, 164 p. ;  |c 22 cm. 
830 0 |a Haworth gay & lesbian studies  |0 IT\ICCU\UBO\0240430 
942 |2 ddc  |c BK  |n 0 
952 |0 0  |1 0  |4 0  |6 DOC_306_766000000000000_VAR  |7 0  |9 13431  |a BO  |b BO  |d 2026-01-15  |i 6584  |l 0  |o DOC 306.766 VAR  |p BO6584  |r 2026-01-15 23:18:21  |w 2026-01-15  |x [Sebina 5] [1 v.]  |y BK  |z 1 v. 
999 |c 11542  |d 11542